BIBLIOTECA

SENCICO

(Registro nro. 1541)

Detalles MARC
000 -LEADER
fixed length control field 00519nam a2200217Ia 4500
005 - DATE AND TIME OF LATEST TRANSACTION
control field 20251020182514.0
008 - FIXED-LENGTH DATA ELEMENTS--GENERAL INFORMATION
fixed length control field 200515s9999 xx 000 0 und d
082 ## - DEWEY DECIMAL CLASSIFICATION NUMBER
Classification number 658.327/T21
100 ## - MAIN ENTRY--PERSONAL NAME
Personal name Ortiz Herrera, Myriam Janet
100 ## - MAIN ENTRY--PERSONAL NAME
Personal name Tapia Rocha, José Luis
100 ## - MAIN ENTRY--PERSONAL NAME
Personal name Vidalón del Pino, Guillermo
260 ## - PUBLICATION, DISTRIBUTION, ETC.
Place of publication, distribution, etc. Lima
260 ## - PUBLICATION, DISTRIBUTION, ETC.
Name of publisher, distributor, etc. Instituto de Libre empresa
260 ## - PUBLICATION, DISTRIBUTION, ETC.
Date of publication, distribution, etc. 2006
300 ## - PHYSICAL DESCRIPTION
Extent 223 p.
500 ## - GENERAL NOTE
General note 1 ejemplar
650 ## - SUBJECT ADDED ENTRY--TOPICAL TERM
Topical term or geographic name entry element ECONOMIA
650 ## - SUBJECT ADDED ENTRY--TOPICAL TERM
Topical term or geographic name entry element EMPRESAS
942 ## - ADDED ENTRY ELEMENTS (KOHA)
Koha item type Libros
Existencias
Fecha de la última vez que lo usaron Pago total Signatura topográfica completa Código de barras Precio efectivo desde Tipo de documento Estado perdido Estado dañado No es para préstamo Retirado Ubicación permanente Ubicación actual Fecha de adquisición
15/05/2020   658.327/T21 Bib-Lima15051541 15/05/2020 Libros         Biblioteca Central Lima Biblioteca Central Lima 15/05/2020